| 000 | 01787nam a2200493 i 4500 | ||
|---|---|---|---|
| 001 | 100464 | ||
| 003 | FINmELB | ||
| 005 | 20241217173043.0 | ||
| 006 | m o d | | ||
| 007 | cr cnu|||||||| | ||
| 008 | 190610s2016 mx ob 000 0 spa d | ||
| 020 | _z9786079426552 | ||
| 020 |
_a9781512953800 _q(e-book) |
||
| 035 | _a(OCoLC)1105409038 | ||
| 040 |
_aFINmELB _bspa _erda _cFINmELB |
||
| 050 | 4 |
_aHD9436.A2 _bC122 2016 |
|
| 080 | _a636.3.088.31 | ||
| 082 | 0 |
_a338.18 _223 |
|
| 245 | 0 | 4 |
_aLas cadenas productivas de carne ovina en México y Uruguay / _cJaime Mondragón-Ancelmo [y otros 7]. |
| 264 | 1 |
_aMéxico, D.F. : _bEdiciones y Gráficos Eón, _c2016. |
|
| 300 | _a1 recurso en línea (127 páginas) | ||
| 336 |
_atexto _btxt _2rdacontent/spa |
||
| 337 |
_acomputadora _bc _2rdamedia/spa |
||
| 338 |
_arecurso en línea _bcr _2rdacarrier/spa |
||
| 490 | 1 | _aNotabilis scientia | |
| 504 | _aContiene referencias bibliográficas. | ||
| 588 | _aDescripción basada en metadatos suministrados por el editor y otras fuentes. | ||
| 590 | _aRecurso electrónico. Santa Fe, Arg.: elibro, 2020. Disponible vía World Wide Web. El acceso puede estar limitado para las bibliotecas afiliadas a elibro. | ||
| 650 | 0 | _aLamb meat industry. | |
| 650 | 4 | _aCarne. | |
| 650 | 4 | _aIndustria alimentaria. | |
| 651 | 0 | _aUruguay. | |
| 651 | 0 | _aMexico. | |
| 651 | 4 | _aUruguay. | |
| 651 | 4 | _aMéxico. | |
| 655 | 4 | _aLibros electrónicos. | |
| 700 | 1 |
_aMondragón-Ancelmo, Jaime, _eautor. |
|
| 797 | 2 | _ae-libro, Corp. | |
| 830 | 0 | _aNotabilis scientia. | |
| 856 | 4 | 0 | _uhttps://elibro.net/ereader/politecnicointernacional/41123 |
| 999 |
_c100464 _d100464 |
||